000 00347nam a2200133Ia 4500
008 231129s1996||||xx |||||||||||||| ||spa||
020 _a84-481-0654-7
040 _bspa
082 _a005.369 M619m
245 0 _aMicrosoft Works para Windows 95
260 _c1996
264 _aMcGraw-Hill
942 _2ddc
_cBKS
999 _c21187
_d21187